<?xml version="1.0" encoding="UTF-8"?>
<record
    xmlns:xsi="http://www.w3.org/2001/XMLSchema-instance"
    xsi:schemaLocation="http://www.loc.gov/MARC21/slim http://www.loc.gov/standards/marcxml/schema/MARC21slim.xsd"
    xmlns="http://www.loc.gov/MARC21/slim">

  <leader>01219naa a2200217 a 4500</leader>
  <controlfield tag="003">BD-RjUL</controlfield>
  <controlfield tag="005">20221219111741.0</controlfield>
  <controlfield tag="008">221219s196?    u  ||||| |||| 00| 0 ar  d</controlfield>
  <datafield tag="035" ind1=" " ind2=" ">
    <subfield code="a">(BD-RjUL)</subfield>
  </datafield>
  <datafield tag="040" ind1=" " ind2=" ">
    <subfield code="a">BD-RjUL</subfield>
    <subfield code="b">eng</subfield>
    <subfield code="c">BD-RjUL</subfield>
  </datafield>
  <datafield tag="041" ind1=" " ind2=" ">
    <subfield code="a">ara</subfield>
  </datafield>
  <datafield tag="082" ind1=" " ind2=" ">
    <subfield code="2">23</subfield>
    <subfield code="a">305.5209560902</subfield>
    <subfield code="b">IBW 196?</subfield>
  </datafield>
  <datafield tag="100" ind1=" " ind2=" ">
    <subfield code="a"> &#x627;&#x628;&#x646; &#x62E;&#x644;&#x643;&#x627;&#x646;&#x60C;, Ibn Khalkan,</subfield>
    <subfield code="d">  1211-1282, ,</subfield>
    <subfield code="9">6361</subfield>
  </datafield>
  <datafield tag="245" ind1="1" ind2="0">
    <subfield code="a"> &#x648;&#x641;&#x64A;&#x627;&#x62A; &#x627;&#x644;&#x627;&#x639;&#x64A;&#x627;&#x646; &#x648;&#x627;&#x646;&#x628;&#x627;&#x621; &#x627;&#x646;&#x628;&#x627;&#x621; &#x627;&#x644;&#x632;&#x645;&#x627;&#x646;  / Wafay&#x101;t al-a&#x2BB;y&#x101;n wa-anb&#x101;&#x2BC; anb&#x101;&#x2BC; al-zam&#x101;n /</subfield>
    <subfield code="c">Authors:&#x62A;&#x623;&#x644;&#x64A;&#x641; &#x627;&#x62D;&#x645;&#x62F; &#x627;&#x644;&#x634;&#x647;&#x64A;&#x631; &#x628;&#x627;&#x628;&#x646; &#x62E;&#x644;&#x643;&#x627;&#x646;. &#x648;&#x64A;&#x644;&#x64A;&#x647; &#x641;&#x648;&#x627;&#x62A; &#x627;&#x644;&#x648;&#x641;&#x64A;&#x627;&#x62A; &#x644;&#x635;&#x644;&#x627;&#x62D; &#x627;&#x644;&#x643;&#x62A;&#x628;&#x64A;., &#x627;&#x628;&#x646; &#x62E;&#x644;&#x643;&#x627;&#x646;&#x60C;, 1211-1282, &#x642;&#x627;&#x635;&#x645;&#x60C; &#x645;&#x62D;&#x645;&#x62F;., &#x645;&#x646;&#x642;&#x60C; &#x639;&#x644;&#x64A; &#x628;&#x646; &#x628;&#x627;&#x644;&#x64A;&#x60C;, &#x2BB;Al&#x12B; ibn B&#x101;l&#x12B; Manq, &#x637;&#x627;&#x634;&#x643;&#x628;&#x631;&#x64A;&#x632;&#x627;&#x62F;&#x629;&#x60C; &#x627;&#x62D;&#x645;&#x62F; &#x628;&#x646; &#x645;&#x635;&#x637;&#x641;&#x649;&#x60C; / ta&#x2BC;l&#x12B;f A&#x1E25;mad al-shah&#x12B;r bi-Ibn Khallik&#x101;n. Wa-yal&#x12B;hi Faw&#x101;t al-wafay&#x101;t li-&#x1E62;al&#x101;&#x1E25; al-Kutub&#x12B;., Ibn Khallik&#x101;n, Mu&#x1E25;ammad Q&#x101;&#x1E63;im, A&#x1E25;mad ibn Mu&#x1E63;&#x1E6D;af&#xE1; &#x1E6C;&#x101;shkubr&#x12B;&#x2B9;z&#x101;dah</subfield>
  </datafield>
  <datafield tag="260" ind1=" " ind2=" ">
    <subfield code="a">Bagdad :</subfield>
    <subfield code="b">&#x645;&#x637;&#x628;&#x639;&#x629; &#x628;&#x648;&#x644;&#x627;&#x642;&#x60C;],/ [Ma&#x1E6D;ba&#x2BB;at B&#x16B;l&#x101;q], </subfield>
    <subfield code="c">[1885]] </subfield>
  </datafield>
  <datafield tag="300" ind1=" " ind2=" ">
    <subfield code="a">V. ;</subfield>
    <subfield code="c">23 cm</subfield>
  </datafield>
  <datafield tag="505" ind1=" " ind2=" ">
    <subfield code="a">Vol. 1</subfield>
  </datafield>
  <datafield tag="650" ind1=" " ind2=" ">
    <subfield code="2">Biographies Early works Islamic</subfield>
  </datafield>
  <datafield tag="650" ind1=" " ind2=" ">
    <subfield code="a"> Empire Islamic </subfield>
    <subfield code="9">6362</subfield>
  </datafield>
  <datafield tag="942" ind1=" " ind2=" ">
    <subfield code="2">ddc</subfield>
    <subfield code="c">BK</subfield>
  </datafield>
  <datafield tag="999" ind1=" " ind2=" ">
    <subfield code="c">80985</subfield>
    <subfield code="d">80985</subfield>
  </datafield>
  <datafield tag="952" ind1=" " ind2=" ">
    <subfield code="0">0</subfield>
    <subfield code="1">0</subfield>
    <subfield code="2">ddc</subfield>
    <subfield code="4">0</subfield>
    <subfield code="7">1</subfield>
    <subfield code="8">NFIC</subfield>
    <subfield code="a">RUCL</subfield>
    <subfield code="b">RUCL</subfield>
    <subfield code="c">Reading</subfield>
    <subfield code="d">2022-12-19</subfield>
    <subfield code="o">A 305.52095609 IBW V-1 196?</subfield>
    <subfield code="r">2022-12-19 00:00:00</subfield>
    <subfield code="t">C-1</subfield>
    <subfield code="y">BK</subfield>
  </datafield>
</record>
